[Event "4th London Classic Open"]
[Site "London ENG"]
[Date "2012.12.04"]
[Round "4"]
[White "Luncasu,R"]
[Black "Player,E"]
[Result "0-1"]
[WhiteElo "2118"]
[BlackElo "2248"]
[WhiteFideId "1206222"]
[BlackFideId "406520"]
[EventDate "2012.12.01"]

1. e4 e6 2. d4 d5 3. Nc3 Bb4 4. e5 Ne7 5. a3 Bxc3+ 6. bxc3 b6 7. Qg4 Nf5 8. Bd3
h5 9. Qh3 g6 10. Nf3 Qd7 11. Bxf5 exf5 12. O-O Qa4 13. Qh4 Be6 14. Qf6 Rg8 15.
Bg5 Kd7 16. Bh4 Kc6 17. Qg5 Qxc2 18. c4 Kb7 19. c5 Nc6 20. Rfc1 Qa4 21. Qe3 Rab8
22. Bg5 Na5 23. Rc3 Nc4 24. Qe1 b5 25. h4 Kc6 26. Qc1 a5 27. Ne1 b4 28. axb4
Qxb4 29. Nd3 Qb5 30. Qc2 Rb7 31. Kh1 Ra8 32. Bc1 Rab8 33. Be3 Kd7 34. Kh2 Qc6
35. Nf4 Rb4 36. Nd3 R4b5 37. Nf4 Qb7 38. Qd1 Rb3 39. Rxc4 dxc4 40. d5 Bxd5 41.
Nxd5 Rd3 42. Nf6+ Ke6 43. Qe2 Qb4 44. Bh6 Qc3 45. Qa2 Qb4 46. Bf4 Qxc5 47. Nh7
Rbb3 48. Ng5+ Ke7 49. Qxa5 Rb5 0-1

[Event "4th London Classic Open"]
[Site "London ENG"]
[Date "2012.12.04"]
[Round "4"]
[White "Berry,N"]
[Black "Dale,Ari"]
[Result "1/2-1/2"]
[WhiteTitle "FM"]
[WhiteElo "2247"]
[BlackElo "2122"]
[WhiteFideId "2400650"]
[BlackFideId "3213145"]
[EventDate "2012.12.01"]

1. d4 Nf6 2. c4 g6 3. f3 Nc6 4. Nc3 d5 5. cxd5 Nxd5 6. e4 Nxc3 7. bxc3 Bg7 8.
Bd3 O-O 9. Ne2 Na5 10. Be3 c5 11. O-O b6 12. Rc1 Bb7 13. Qd2 Qd7 14. Bh6 Qa4 15.
Bxg7 Kxg7 16. e5 Rfd8 17. Qg5 Nc6 18. Ng3 Nxd4 19. Qxe7 Rd7 20. Qf6+ Kg8 21.
Rfe1 Ne6 22. Be4 Rad8 23. Bxb7 Rxb7 24. Ne4 Rbd7 25. Qh4 Kg7 26. Qf6+ Kg8 27.
Qh4 Kg7 28. Qf6+ 1/2-1/2

[Event "4th London Classic Open"]
[Site "London ENG"]
[Date "2012.12.04"]
[Round "4"]
[White "Britton,R"]
[Black "Hebbes,T"]
[Result "1/2-1/2"]
[WhiteTitle "FM"]
[WhiteElo "2233"]
[BlackElo "2111"]
[WhiteFideId "401692"]
[BlackFideId "406570"]
[EventDate "2012.12.01"]

1. e4 e6 2. d4 d5 3. Nc3 Nf6 4. Bg5 Be7 5. e5 Nfd7 6. Bxe7 Qxe7 7. f4 a6 8. Nf3
c5 9. Qd2 Nc6 10. Be2 b5 11. a3 Bb7 12. O-O cxd4 13. Nxd4 Qc5 14. Rad1 O-O 15.
Kh1 Nxd4 16. Qxd4 Rac8 17. Qxc5 Nxc5 18. Rd4 f6 19. exf6 Rxf6 20. Kg1 Ne4 21.
Nxe4 dxe4 22. c4 bxc4 23. Bxc4 Bd5 24. b3 a5 25. a4 Rb8 26. g3 Rb4 27. Rfd1 Bxc4
28. Rxc4 Rxb3 29. Rxe4 Ra3 30. Rc4 h6 31. Kg2 Kh7 32. Rd7 h5 33. Ra7 h4 34. Rxa5
hxg3 35. hxg3 Rg6 36. Rh5+ Kg8 37. Rg5 Rxg5 38. fxg5 Kh7 39. Kh3 Kg6 40. Kg4 Ra1
41. Re4 Kf7 42. Kh5 e5 43. Rb4 g6+ 44. Kh6 Rh1+ 45. Rh4 Rxh4+ 46. gxh4 e4 47.
Kh7 e3 48. h5 gxh5 49. g6+ Ke7 50. g7 e2 51. g8=Q e1=Q 52. Qg5+ Kd7 53. Qd5+ Kc7
54. a5 Qe7+ 55. Kg6 1/2-1/2

[Event "4th London Classic Open"]
[Site "London ENG"]
[Date "2012.12.04"]
[Round "4"]
[White "Duncan,P"]
[Black "Stephan,Ax"]
[Result "1/2-1/2"]
[WhiteElo "2071"]
[BlackElo "2233"]
[WhiteFideId "405787"]
[BlackFideId "4632834"]
[EventDate "2012.12.01"]

1. b3 d5 2. Bb2 Bf5 3. Nf3 e6 4. e3 Nf6 5. Be2 Nbd7 6. O-O c6 7. c4 Bd6 8. Nc3
h6 9. cxd5 exd5 10. d3 Nc5 11. Re1 O-O 12. Nd4 Bg6 13. Bf1 Re8 14. a3 a5 15. g3
Qb6 16. Rb1 Bh5 17. Qc2 Be5 18. Na4 Nxa4 19. bxa4 Bg6 20. Nb3 Bxb2 21. Rxb2 Qc7
22. Reb1 Nd7 23. Bh3 Ne5 24. Nc5 Nc4 25. Ra2 Qe7 26. Nxb7 Nxa3 27. Rxa3 Qxa3 28.
Qxc6 Qxd3 29. Rc1 d4 30. Nd6 Rf8 31. exd4 Qxd4 32. Nc8 Be4 33. Qc4 Qxc4 34. Rxc4
f5 35. Ne7+ Kh7 36. f3 Bxf3 37. Bxf5+ g6 38. Bxg6+ Kg7 39. Bc2 Ra7 40. Nf5+ Kh8
41. Nxh6 Ba8 42. Nf5 Rb8 43. Kf2 Bd5 44. Rc5 Bb3 45. Ne3 Bxc2 46. Nxc2 Rb2 47.
Ke3 Ra2 48. Rc4 Rb7 49. Kd3 Rb3+ 50. Kd4 Rbb2 51. Ne3 Rb4 52. Rxb4 axb4 53. Kc4
Rxa4 54. Nf5 Ra2 55. Kxb4 Rxh2 56. Kc4 Rf2 57. Nd6 Rd2 58. Ne4 Rd1 59. Kc3 Rd8
60. Nc5 Kh7 61. Nd3 Kh6 62. Kd2 Re8 63. Nf2 Kg5 64. Kd3 Ra8 65. Ke2 Ra3 66. Kf1
Kf5 67. Kg2 Ke5 68. Kh3 Kd4 69. Kg4 Ke3 70. Nh3 Ra8 71. Kf5 Rf8+ 72. Kg4 Rg8+
73. Ng5 Kf2 74. Kf4 Rf8+ 75. Kg4 Kg2 76. Kh4 Ra8 77. Kg4 Ra4+ 78. Kf5 Kxg3 79.
Ne6 Kf3 80. Ke5 Ke3 81. Kd5 Ra5+ 82. Nc5 Rxc5+ 83. Kxc5 1/2-1/2

[Event "4th London Classic Open"]
[Site "London ENG"]
[Date "2012.12.04"]
[Round "4"]
[White "Carlile,Orison"]
[Black "Kocwin,B"]
[Result "0-1"]
[BlackTitle "FM"]
[WhiteElo "2016"]
[BlackElo "2226"]
[WhiteFideId "2504120"]
[BlackFideId "1107402"]
[EventDate "2012.12.01"]

1. e4 c5 2. Nc3 e6 3. f4 Nc6 4. Nf3 a6 5. d3 b5 6. Be2 d6 7. O-O Nf6 8. Qe1 b4
9. Nd1 Be7 10. Ne3 O-O 11. Kh1 a5 12. g4 Nd4 13. Bd1 Bb7 14. c3 Nc6 15. g5 Nd7
16. Qg3 Nb6 17. f5 Kh8 18. Ng4 exf5 19. exf5 Ne5 20. f6 gxf6 21. gxf6 Bxf6 22.
Qh3 Qd7 23. Qxh7+ Kxh7 24. Nxf6+ Kh8 25. Nxd7 Nbxd7 26. d4 cxd4 27. cxd4 Nd3 28.
Bg5 Rg8 29. Bh4 Nxb2 30. Be2 Rae8 31. Bb5 Re3 32. d5 Bxd5 0-1

[Event "4th London Classic Open"]
[Site "London ENG"]
[Date "2012.12.04"]
[Round "4"]
[White "Jackson,J"]
[Black "Guo,E"]
[Result "1/2-1/2"]
[BlackTitle "WIM"]
[WhiteElo "2222"]
[BlackElo "2000"]
[WhiteFideId "416860"]
[BlackFideId "3200795"]
[EventDate "2012.12.01"]

1. d4 Nf6 2. c4 c5 3. d5 b5 4. cxb5 a6 5. f3 axb5 6. e4 d6 7. Bxb5+ Bd7 8. Bc4
g6 9. Ne2 Bg7 10. Nec3 O-O 11. O-O Bc8 12. a4 Ba6 13. Na3 Nfd7 14. Bxa6 Nxa6 15.
Nab5 Nb6 16. Qe2 Nc7 17. Ra3 Nxb5 18. Qxb5 Qc7 19. a5 Nd7 20. Bd2 Rfb8 21. Qc6
Qd8 22. Nd1 Rc8 23. Qa4 c4 24. b4 cxb3 25. Qxb3 Bd4+ 26. Kh1 Ne5 27. Ra4 Rab8
28. Qa2 Ba7 29. Be3 Qc7 30. Qe2 Rb1 31. f4 Bxe3 32. Nxe3 Rxf1+ 33. Nxf1 Nd7 34.
Ra1 Ra8 35. a6 Qc3 36. Ra2 Nc5 37. a7 Qd4 38. Nd2 Na4 39. Nf3 Qb4 40. Qc2 Rxa7
41. h4 Ra5 42. h5 Nc5 43. Rb2 Qa3 44. Rb8+ Kg7 45. hxg6 hxg6 46. e5 Ra8 47. Rxa8
Qxa8 48. Qc3 Kg8 49. Qd4 Qa4 50. exd6 Qxd4 51. Nxd4 exd6 52. Nb5 Nd3 53. g3 Nb4
54. Nc3 f5 55. Kg2 Kf7 56. Kf3 Kf6 57. Ke3 g5 58. Kd4 gxf4 59. gxf4 Nc2+ 60. Kd3
Nb4+ 61. Kc4 Nc2 62. Kb5 Ke7 63. Ne2 Kd7 64. Kc4 Ne3+ 65. Kd4 Nc2+ 66. Kd3 Nb4+
67. Kc4 Nc2 68. Ng3 Ne3+ 69. Kd4 Ng2 70. Nh5 Ke7 71. Kc4 Ne3+ 72. Kd4 Ng2 73.
Ng3 Nxf4 74. Nxf5+ Kd7 1/2-1/2

[Event "4th London Classic Open"]
[Site "London ENG"]
[Date "2012.12.04"]
[Round "4"]
[White "De Lagontrie,J"]
[Black "Berthier,H"]
[Result "0-1"]
[WhiteElo "1858"]
[BlackElo "2220"]
[WhiteFideId "605271"]
[BlackFideId "655864"]
[EventDate "2012.12.01"]

1. d4 Nf6 2. c4 g6 3. Nc3 Bg7 4. e4 d6 5. f4 O-O 6. Nf3 Na6 7. Be2 e5 8. fxe5
dxe5 9. d5 Nc5 10. Bg5 h6 11. Bxf6 Qxf6 12. b4 Na6 13. Qb3 c5 14. b5 Nc7 15. O-O
Ne8 16. Rad1 Nd6 17. Rd3 Qe7 18. Nd2 f5 19. Qd1 Kh7 20. Kh1 Rf7 21. g4 Bd7 22.
gxf5 gxf5 23. Bh5 Rf6 24. Rg3 f4 25. Rgg1 a6 26. a4 axb5 27. axb5 Ra3 28. Qc1
Ra8 29. Qd1 Raf8 30. Qf3 Be8 31. Bxe8 Rxe8 32. Rf2 Rg6 33. Rxg6 Kxg6 34. Rg2+
Kh7 35. Qe2 Qh4 36. Nf3 Qh3 37. Qf1 Kh8 38. Qd3 Ra8 39. Ne2 Ra2 40. Nxf4 Ra1+
41. Ng1 Qxd3 42. Nxd3 Nxe4 43. Rg6 Rd1 44. Nb2 Rd2 45. Na4 Kg8 46. Nf3 Ra2 47.
Nb6 Nf2+ 48. Kg2 e4 49. Nh4 Kf7 50. Re6 Be5 51. Nf5 h5 52. Kf1 Nd3 53. Nd6+ Bxd6
54. Rxd6 e3 55. Re6 Rf2+ 56. Kg1 e2 0-1

[Event "4th London Classic Open"]
[Site "London ENG"]
[Date "2012.12.04"]
[Round "4"]
[White "Lenier,J"]
[Black "Slavin,A"]
[Result "1-0"]
[BlackTitle "IM"]
[WhiteElo "2069"]
[BlackElo "2397"]
[WhiteFideId "470678"]
[BlackFideId "24104388"]
[EventDate "2012.12.01"]

1. e4 c5 2. Nf3 d6 3. d4 cxd4 4. Nxd4 Nf6 5. Nc3 Nc6 6. Bg5 Bd7 7. Qd2 Rc8 8. f3
Nxd4 9. Qxd4 Qa5 10. h4 e6 11. g4 Be7 12. O-O-O a6 13. Kb1 Qc5 14. Qd2 Bc6 15.
Be3 Qa5 16. Bg5 h6 17. Be3 b5 18. Bd3 b4 19. Ne2 d5 20. g5 dxe4 21. gxf6 exd3
22. fxg7 Rg8 23. Qxd3 Rxg7 24. Bxh6 Rg6 25. Bg5 Bd5 26. b3 Bxg5 27. hxg5 Rxg5
28. Nf4 Rc3 29. Qd4 Qc5 30. Qh8+ Qf8 31. Nxd5 Rxd5 32. Rxd5 Qxh8 33. Rxh8+ Ke7
34. Rd3 1-0

[Event "4th London Classic Open"]
[Site "London ENG"]
[Date "2012.12.04"]
[Round "4"]
[White "Croad,N"]
[Black "Whitehead,D"]
[Result "1-0"]
[WhiteTitle "FM"]
[WhiteElo "2282"]
[BlackElo "2059"]
[WhiteFideId "4300793"]
[BlackFideId "406813"]
[EventDate "2012.12.01"]

1. d4 Nf6 2. c4 g6 3. Nc3 Bg7 4. e4 d6 5. h3 O-O 6. Nf3 e5 7. d5 Na6 8. Bg5 Qe8
9. Nd2 Bd7 10. Be2 Nc5 11. b4 Na4 12. Qb3 Nxc3 13. Qxc3 h6 14. Be3 c6 15. O-O
Nh7 16. Qb3 cxd5 17. cxd5 b5 18. Rfc1 f5 19. Rc7 a6 20. Rac1 f4 21. Bb6 Nf6 22.
Qd3 g5 23. Nb3 h5 24. Bf1 g4 25. h4 Bh6 26. Re1 g3 27. fxg3 fxg3 28. Be3 Bf4 29.
Bxf4 exf4 30. e5 dxe5 31. Nc5 Rc8 32. Ra7 Kh8 33. Nxd7 Nxd7 34. Rxa6 Nf6 35. Qf5
Ng4 36. Qg5 Rg8 37. Rh6+ 1-0

[Event "4th London Classic Open"]
[Site "London ENG"]
[Date "2012.12.04"]
[Round "4"]
[White "Jyothilal,N"]
[Black "Coleman,D"]
[Result "0-1"]
[BlackTitle "CM"]
[WhiteElo "2038"]
[BlackElo "2268"]
[WhiteFideId "5002605"]
[BlackFideId "402087"]
[EventDate "2012.12.01"]

1. d4 Nf6 2. Nf3 g6 3. g3 Bg7 4. Bg2 O-O 5. c4 d6 6. O-O Nc6 7. Nc3 Rb8 8. Qc2
Bg4 9. Rd1 Nd7 10. e3 e5 11. d5 Na5 12. h3 Bxf3 13. Bxf3 Nxc4 14. Nb5 Ncb6 15.
Nxa7 f5 16. Nb5 Rc8 17. e4 Nc5 18. Nc3 Nbd7 19. Bg2 f4 20. b4 Na6 21. a3 h5 22.
Rd3 Bh6 23. Ra2 Kh7 24. Qd1 Nf6 25. Re2 Qe7 26. Re1 Rf7 27. Ne2 Nd7 28. Nc3 Rcf8
29. g4 Bg5 30. gxh5 gxh5 31. h4 Bh6 32. Qxh5 Rg7 33. Kh1 Nf6 34. Qf5+ Kh8 35.
Qe6 Qd8 36. Rh3 Ng4 37. Bf3 Nxf2+ 38. Kh2 Rf6 0-1

[Event "4th London Classic Open"]
[Site "London ENG"]
[Date "2012.12.04"]
[Round "4"]
[White "McKerracher,D"]
[Black "Eames,R"]
[Result "1/2-1/2"]
[BlackTitle "FM"]
[WhiteElo "2034"]
[BlackElo "2263"]
[WhiteFideId "2401002"]
[BlackFideId "408743"]
[EventDate "2012.12.01"]

1. e4 e5 2. Nf3 Nc6 3. Bb5 a6 4. Bxc6 dxc6 5. O-O Qf6 6. d3 Bg4 7. Nbd2 Ne7 8.
Nc4 Ng6 9. Be3 Be7 10. h3 Bxf3 11. Qxf3 Qxf3 12. gxf3 c5 13. a3 O-O 14. Kh2 f5
15. exf5 Rxf5 16. Nd2 Bd6 17. Ne4 b6 18. Rg1 Nh4 19. Rg4 Nxf3+ 20. Kg2 a5 21.
Rh1 Be7 22. Ng3 Rf7 23. h4 Raf8 24. h5 Kh8 25. Kf1 h6 26. Ne4 Bg5 27. Nxg5 hxg5
28. Rh3 Rf5 29. Rg2 Kh7 30. c3 c4 31. dxc4 e4 32. Rg4 Re8 33. Ke2 Re6 34. b3 a4
35. b4 Rc6 36. c5 bxc5 37. Bxc5 Rd5 38. Rh1 Re6 39. Rd1 Rxd1 40. Kxd1 Kh6 41.
Rg3 Kxh5 42. Rh3+ Kg4 43. Rh7 Re5 44. Rxg7 Rd5+ 45. Kc1 Rd3 46. Rxc7 Rxc3+ 47.
Kb2 Rb3+ 48. Ka2 Nd2 49. Ra7 Rc3 50. Kb2 Rd3 51. Rxa4 Nc4+ 52. Ka2 Kf3 53. b5
Nd6 54. b6 Nb7 55. Rc4 g4 56. Rc2 Rd5 57. Rc3+ Rd3 58. Rc2 Rd5 59. Rc3+ Rd3 60.
Rc2 1/2-1/2

[Event "4th London Classic Open"]
[Site "London ENG"]
[Date "2012.12.04"]
[Round "4"]
[White "Black,Ri"]
[Black "Iyengar,I"]
[Result "1-0"]
[WhiteElo "2227"]
[BlackElo "2019"]
[WhiteFideId "8800081"]
[BlackFideId "405949"]
[EventDate "2012.12.01"]

1. e4 c5 2. Nf3 e6 3. g3 Nc6 4. Bg2 d5 5. exd5 exd5 6. O-O Nf6 7. Re1+ Be7 8. d4
O-O 9. Nc3 Bg4 10. dxc5 d4 11. Ne2 Bxc5 12. Nf4 h6 13. h3 Bf5 14. Nd3 Bb6 15. a3
Nd5 16. Nh4 Bh7 17. Qf3 Nce7 18. Re5 Rc8 19. Bxh6 gxh6 20. Qg4+ Kh8 21. Qh5 Nf6
22. Qxh6 Nfg8 23. Qh5 Rxc2 24. Nf4 Rc6 25. Bxc6 bxc6 26. Rae1 c5 27. Rxe7 Nxe7
28. Rxe7 Qxe7 29. Nhg6+ fxg6 30. Nxg6+ Kg7 31. Nxe7 d3 32. Qg5+ Kf7 33. Nd5 Re8
34. Qf6+ Kg8 35. Ne7+ Rxe7 36. Qxe7 c4 37. Qe6+ 1-0

[Event "4th London Classic Open"]
[Site "London ENG"]
[Date "2012.12.04"]
[Round "4"]
[White "Anderton,M"]
[Black "Casaschi,Paolo"]
[Result "1/2-1/2"]
[WhiteElo "2210"]
[BlackElo "2005"]
[WhiteFideId "403237"]
[BlackFideId "824895"]
[EventDate "2012.12.01"]

1. e4 e6 2. d4 d5 3. Nc3 Nf6 4. Bg5 Bb4 5. e5 h6 6. Bh4 g5 7. Bg3 Ne4 8. Ne2 c5
9. a3 Nxc3 10. Nxc3 Bxc3+ 11. bxc3 Qa5 12. Qd2 Nc6 13. dxc5 Bd7 14. Bd3 O-O-O
15. O-O d4 16. f4 Qxc5 17. c4 gxf4 18. Rxf4 Rhg8 19. Rxf7 Nxe5 20. Rh7 Rxg3 21.
hxg3 Ng4 22. Rxh6 Nxh6 23. Qxh6 Rg8 24. Qf4 e5 25. Qf3 Bc6 26. Qf5+ Kb8 27. Re1
Rxg3 28. Re2 Qe7 29. Rf2 Kc7 30. Re2 Kb6 31. a4 a5 32. c3 Qg7 33. Be4 Bxe4 34.
Qxe4 Rxc3 35. Rb2+ Ka7 36. Rb1 Rxc4 37. Qd5 Qc7 38. Rxb7+ Qxb7 39. Qxc4 Kb8 40.
Qg8+ Qc8 41. Qb3+ Ka7 42. Qd5 Qc1+ 43. Kh2 Qh6+ 44. Kg1 Qe3+ 45. Kh2 d3 46. Qd7+
Kb8 47. Qd8+ 1/2-1/2

[Event "4th London Classic Open"]
[Site "London ENG"]
[Date "2012.12.04"]
[Round "4"]
[White "Jetzl,J"]
[Black "Andreev,Pete"]
[Result "1-0"]
[WhiteElo "2208"]
[BlackElo "2017"]
[WhiteFideId "1601172"]
[BlackFideId "406350"]
[EventDate "2012.12.01"]

1. d4 Nf6 2. Nf3 g6 3. Bg5 Bg7 4. Nbd2 O-O 5. c3 d6 6. e4 h6 7. Bh4 g5 8. Bg3
Nh5 9. Bc4 c5 10. dxc5 Nxg3 11. hxg3 dxc5 12. Nxg5 Qb6 13. Qh5 e6 14. O-O-O Qa5
15. e5 Nc6 16. Nde4 Nxe5 17. Nf6+ Kh8 18. f4 Ng6 19. Bd3 Qxa2 20. Nxf7+ 1-0

[Event "4th London Classic Open"]
[Site "London ENG"]
[Date "2012.12.04"]
[Round "4"]
[White "Shepley,J"]
[Black "Bates,C"]
[Result "0-1"]
[WhiteElo "2029"]
[BlackElo "2200"]
[WhiteFideId "403210"]
[BlackFideId "414760"]
[EventDate "2012.12.01"]

1. e4 e5 2. Nc3 Nf6 3. Bc4 Nc6 4. d3 Bb4 5. Ne2 d5 6. exd5 Nxd5 7. O-O Nb6 8.
Bb5 O-O 9. a3 Bxc3 10. Bxc6 Ba5 11. Bf3 Nd7 12. b4 Bb6 13. Bb2 Re8 14. Ng3 c6
15. Qd2 Nf8 16. Rae1 f6 17. Kh1 Ne6 18. Be4 a5 19. Ra1 Nd4 20. Bxd4 Bxd4 21. c3
Bb6 22. f4 Qc7 23. f5 Qf7 24. Rab1 axb4 25. axb4 Ra2 26. Qd1 Bd7 27. Qf3 Rc8 28.
b5 Ba5 29. c4 Qe7 30. Nh5 Be8 31. bxc6 bxc6 32. Qg4 Bc3 33. Rb3 Bd4 34. Rfb1 Ra1
35. Rxa1 Bxa1 36. h3 Qf7 37. Ng3 Qa7 38. Kh2 Bd4 39. Ne2 Bc5 40. Qf3 Qa4 41. Rb7
Qa6 42. Rb1 Qa2 43. Rb7 Qa8 44. Rb1 Rc7 45. Rb5 Qa7 46. Rb1 Kf8 47. Qg4 Qa2 48.
Rf1 Rb7 49. Qf3 Rb6 50. Nc3 Qb3 51. Ne2 Ra6 52. Ng3 Qb6 53. Nh5 Be3 54. Qg4 Bh6
55. Qf3 Ra2 56. Qg4 Rb2 57. Qf3 Qb7 58. h4 Ke7 59. Ng3 Qa6 60. Ne2 Kd6 61. d4
Qxc4 62. dxe5+ fxe5 63. Qa3+ Qb4 64. Rd1+ Ke7 65. Qa7+ Qb7 66. Qc5+ Kf7 67. Qc4+
Kf8 68. Bf3 Be3 69. Rd3 Rb4 70. Qe6 Rxh4+ 71. Kg3 Bg5 72. Qxe5 Rh6 73. Nd4 Qb4
74. Bg4 Bh4+ 75. Kf3 Qe7 76. Ne6+ Kg8 77. Qe3 Bf6 78. Rd8 Rh1 79. Qb6 Qa3+ 80.
Ke2 Bxd8 81. Qxd8 Qb2+ 82. Kf3 Rf1+ 83. Kg3 Qe5+ 84. Kh4 Rh1+ 85. Bh3 Qf6+ 86.
Qxf6 gxf6 87. Kg3 Kf7 88. Bg4 Ke7 89. Bf3 Rc1 90. Kf4 c5 91. g4 h6 92. Ke3 Rc3+
93. Kf2 Bf7 94. Nf4 Kd6 95. Be4 Ke5 96. Ne2 Ra3 97. Bc2 Bc4 0-1

[Event "4th London Classic Open"]
[Site "London ENG"]
[Date "2012.12.04"]
[Round "4"]
[White "Calvert,D"]
[Black "Yeo,M"]
[Result "1/2-1/2"]
[WhiteElo "1999"]
[BlackElo "2191"]
[WhiteFideId "406368"]
[BlackFideId "402257"]
[EventDate "2012.12.01"]

1. b3 e5 2. Bb2 Nc6 3. e3 d6 4. Nf3 Nf6 5. d4 e4 6. d5 Nb4 7. Nfd2 Bg4 8. Bxf6
Bxd1 9. Bxd8 Bg4 10. Na3 Rxd8 11. Nxe4 Nxd5 12. Be2 Bf5 13. Bf3 c6 14. c4 Nb4
15. O-O Be7 16. Rad1 Nxa2 17. Rd2 Nb4 18. Rfd1 Bxe4 19. Bxe4 O-O 20. Nc2 Nxc2
21. Rxc2 a5 22. Ra2 Ra8 23. Ra4 Rfd8 24. Bf3 Kf8 25. Kf1 Ra6 26. Rda1 Bf6 27.
Rc1 Rda8 28. Ra2 Rb6 29. Bd1 c5 30. Rd2 Ke7 31. Bc2 Rb4 32. Rcd1 a4 33. bxa4
Rxc4 34. Bd3 Rcxa4 35. Bb5 Rb4 36. Be2 Rb6 37. Bf3 Raa6 38. Bd5 Rb4 39. Rc2 b5
40. Ke1 c4 41. Rdc1 Ra3 42. Ke2 Rab3 43. Ra2 Rb2+ 44. Rc2 Rxc2+ 45. Rxc2 Ra4 46.
Bc6 Ra5 47. Bd5 Ra1 48. f4 c3 49. Ra2 Rb1 50. Be4 Rb4 51. Bd5 h6 52. h3 Rb2+ 53.
Rxb2 cxb2 54. Ba2 d5 55. Kd3 Kd6 56. e4 dxe4+ 57. Kxe4 Kc5 58. Kd3 Bd4 59. g4 g5
60. fxg5 hxg5 61. Kc2 f6 62. Be6 Kd6 63. Bf5 Ke5 64. Kb1 Kf4 65. Bc8 Kg3 1/2-1/2

[Event "4th London Classic Open"]
[Site "London ENG"]
[Date "2012.12.04"]
[Round "4"]
[White "Koch,Ala2"]
[Black "Semprun Martinez,F"]
[Result "0-1"]
[WhiteElo "1960"]
[BlackElo "2183"]
[WhiteFideId "639532"]
[BlackFideId "2203170"]
[EventDate "2012.12.01"]

1. e4 e5 2. d4 exd4 3. Nf3 Nc6 4. Bc4 Bc5 5. Nbd2 d6 6. O-O Nf6 7. Nb3 O-O 8.
Bg5 h6 9. Bh4 Bg4 10. Be2 Re8 11. Nfd2 Bd7 12. Bd3 Ne5 13. f3 Bb6 14. Kh1 c5 15.
Nc4 Bc6 16. Nbd2 Ng6 17. Bxf6 Qxf6 18. Nxb6 axb6 19. Qe1 b5 20. b3 d5 21. Qg3
Nf4 22. exd5 Nxd5 23. Ne4 Qe7 24. Nd6 Red8 25. Nf5 Qg5 26. Qxg5 hxg5 27. Rfe1
Kf8 28. Kg1 b4 29. Ng3 Nc7 30. Re5 Rd5 31. Rxd5 Bxd5 32. Be4 b6 33. Bxd5 Nxd5
34. Ne4 Ne3 35. a4 bxa3 36. c4 a2 0-1

[Event "4th London Classic Open"]
[Site "London ENG"]
[Date "2012.12.04"]
[Round "4"]
[White "Jaunooby,A"]
[Black "Phillips,William"]
[Result "1-0"]
[WhiteElo "2178"]
[BlackElo "1950"]
[WhiteFideId "413291"]
[BlackFideId "414344"]
[EventDate "2012.12.01"]

1. d4 Nf6 2. c4 e6 3. Nc3 d5 4. Bg5 Be7 5. Nf3 O-O 6. Qc2 h6 7. Bf4 c6 8. e3
Nbd7 9. g4 b6 10. g5 hxg5 11. Nxg5 Re8 12. O-O-O Nf8 13. h4 Nh5 14. Bd3 f5 15.
Be5 Bf6 16. Be2 Bxe5 17. Bxh5 Bf6 18. Bf7+ Kh8 19. Qe2 g6 20. Bxg6 Bxg5 21. Qh5+
Kg7 22. Bxe8 Ba6 23. Qf7+ 1-0

[Event "4th London Classic Open"]
[Site "London ENG"]
[Date "2012.12.04"]
[Round "4"]
[White "Millward,K"]
[Black "Williamson,R"]
[Result "0-1"]
[WhiteElo "1969"]
[BlackElo "2177"]
[WhiteFideId "404721"]
[BlackFideId "414620"]
[EventDate "2012.12.01"]

1. g3 c5 2. Bg2 Nc6 3. Nc3 g6 4. d3 Bg7 5. e4 d6 6. Be3 e6 7. Qd2 Nd4 8. Nd1 Nc6
9. c3 e5 10. Ne2 Nf6 11. Bh6 O-O 12. Bxg7 Kxg7 13. Ne3 Re8 14. O-O Be6 15. d4
cxd4 16. cxd4 d5 17. dxe5 Nxe4 18. Qc2 Nxe5 19. Bxe4 dxe4 20. Qxe4 Nc6 21. Rfd1
Qf6 22. Qc2 Rac8 23. Nf4 Red8 24. Rxd8 Rxd8 25. Nxe6+ Qxe6 26. Kg2 Nd4 27. Qd3
Qc6+ 28. Kh3 Qf3 29. Rd1 Ne6 30. Qc3+ f6 31. Ng4 Nf4+ 0-1

[Event "4th London Classic Open"]
[Site "London ENG"]
[Date "2012.12.04"]
[Round "4"]
[White "Boger,R"]
[Black "Steil Antoni,F"]
[Result "1/2-1/2"]
[BlackTitle "WIM"]
[WhiteElo "1946"]
[BlackElo "2169"]
[WhiteFideId "1507419"]
[BlackFideId "4001249"]
[EventDate "2012.12.01"]

1. c4 d6 2. g3 e5 3. Bg2 f5 4. d4 e4 5. Nc3 c6 6. Nh3 Nf6 7. O-O Na6 8. f3 exf3
9. exf3 Be7 10. Re1 O-O 11. d5 c5 12. Bg5 h6 13. Qe2 Rf7 14. Nb5 hxg5 15. Nxg5
Bf8 16. Nxf7 Kxf7 17. Bh3 Bd7 18. g4 Qa5 19. Nc3 Re8 20. Qg2 Rxe1+ 21. Rxe1 Qb4
22. gxf5 Qxc4 23. Qg6+ Kg8 24. Re4 Nxe4 25. Nxe4 Qd4+ 26. Kh1 Nc7 27. Ng5 Qd1+
28. Kg2 Qe2+ 29. Kg1 Qe1+ 30. Kg2 Qe2+ 31. Kg3 Qe1+ 32. Kg4 Qg1+ 33. Kh4 Qf2+
34. Kg4 Qg1+ 35. Kh4 Qf2+ 1/2-1/2

[Event "4th London Classic Open"]
[Site "London ENG"]
[Date "2012.12.04"]
[Round "4"]
[White "Lee,Ka"]
[Black "Wood,Peter R"]
[Result "1/2-1/2"]
[WhiteElo "2165"]
[BlackElo "1931"]
[WhiteFideId "5802920"]
[BlackFideId "422215"]
[EventDate "2012.12.01"]

1. e4 e6 2. d4 d5 3. Nd2 c5 4. Ngf3 Nc6 5. dxc5 Bxc5 6. Bd3 Nge7 7. O-O O-O 8.
Nb3 Bd6 9. e5 Nxe5 10. Nxe5 Bxe5 11. Bxh7+ Kxh7 12. Qh5+ Kg8 13. Qxe5 f6 14. Qe2
Bd7 15. Rd1 Rc8 16. Be3 b6 17. c3 Nf5 18. Nd4 Nxe3 19. Qxe3 e5 20. Nc2 Ba4 21.
b3 Bc6 22. Nb4 Qc7 23. Rac1 Rfd8 24. Qh3 Bd7 25. Qf3 d4 26. h3 Bc6 27. Qg4 a5
28. Nxc6 Qxc6 29. c4 Qd6 30. Rd3 Qd7 31. Qe4 Qc6 32. f3 Qxe4 33. fxe4 1/2-1/2

[Event "4th London Classic Open"]
[Site "London ENG"]
[Date "2012.12.04"]
[Round "4"]
[White "Mehringer,Joerg"]
[Black "Holzhauer,B"]
[Result "1-0"]
[WhiteElo "1874"]
[BlackElo "2153"]
[WhiteFideId "12915351"]
[BlackFideId "20605544"]
[EventDate "2012.12.01"]

1. e4 c5 2. g3 d5 3. exd5 Qxd5 4. Nf3 Nc6 5. Nc3 Qe6+ 6. Qe2 Qxe2+ 7. Bxe2 Bf5
8. d3 e5 9. O-O Nf6 10. Re1 O-O-O 11. Bg5 Be7 12. Bf1 Bd6 13. Bg2 Rde8 14. Bxf6
gxf6 15. Nd5 Be7 16. Nd2 Nd4 17. Rac1 b6 18. Ne4 Bxe4 19. dxe4 Kb8 20. c3 Ne6
21. Rcd1 c4 22. Bf1 b5 23. a4 a6 24. axb5 axb5 25. b3 Nc7 26. bxc4 Nxd5 27. cxd5
Rc8 28. Bxb5 Rxc3 29. Bc6 Kc7 30. Rb1 Rb8 31. Rxb8 Kxb8 32. Rb1+ Kc8 33. Rb7 Bc5
34. Rxf7 Rf3 35. d6 Bxd6 36. Kg2 Rc3 37. Bd5 Bc5 38. Rxf6 Rc2 39. h4 Kd8 40. Rf7
h6 41. g4 Be3 42. Rf5 Bf4 43. g5 hxg5 44. hxg5 Rc7 45. g6 Ke8 46. Kf3 Rc3+ 47.
Kg2 Rc7 48. Rh5 Rg7 49. Bf7+ Kf8 50. Kf3 Ke7 51. Kg4 Kf8 52. Kf5 Ke7 53. Rh7 Kf8
54. Rh8+ Ke7 55. Re8+ Kd6 56. Kf6 Bh6 57. Rh8 1-0